Česko - anglický technický slovník

Salvato in:
Dettagli Bibliografici
Ente Autore: Slovenská chemická knižnica (Bratislava, Slovensko)
Altri autori: Feigl, Josef (Redattore), Klinger, Evžen (Redattore)
Natura: Libro
Lingua:ceco
Pubblicazione: Praha Státní nakladatelství technické literatury 1963
Soggetti:
Accesso online:Visualizza in OPAC
Tags: Aggiungi Tag
Nessun Tag, puoi essere il primo ad aggiungerne!!

MARC

LEADER 00000nam a2200000 a 4500
005 20260127134024.0
008 000507e1963 cs g cze c
035 |a vtls008451300 
035 |a SAVUKc024186 
039 9 |a 201507231056  |b msvkbb09  |c 201008181515  |d msnmk05  |c 200809221154  |d mschk03  |c 200701221056  |d msavuk01  |y 200602022330  |z VLOAD 
040 |a SAVUK  |b slo  |c SNK  |d STUSCHK1  |e AACR2 
041 1 |a czeeng 
044 |a cs  |c CS 
080 |a 81'374.8-022.2  |2 2001 
080 |a 811.162.3  |2 2001 
245 1 0 |a Česko - anglický technický slovník  |c pod redakcí Josefa Feigla a Evžena Klingera sestavil aut. kol. 
246 3 1 |a Czech - english technical dictionary 
260 |a Praha  |b Státní nakladatelství technické literatury  |c 1963 
300 |a 930 s.  |c 21 cm 
650 0 7 |a čeština  |2 SNKPH 
650 0 7 |a angličtina  |2 SNKPH 
655 7 |a prekladové slovníky  |2 SNKPH 
700 1 |a Feigl, Josef  |4 edt 
700 1 |a Klinger, Evžen  |4 edt 
710 2 |a Slovenská chemická knižnica (Bratislava, Slovensko) 
910 |a savuk 
910 |a svkpo 
910 |a SCHK95 
910 |a snmk 
999 |c 2261  |d 2261